The spoken word. (Record no. 2073)

000 -LEADER
fixed length control field 00499nam a2200169 a 4500
001 - CONTROL NUMBER
control field :::00019038$&:&@@
003 - CONTROL NUMBER IDENTIFIER
control field OkBaRHE
005 - DATE AND TIME OF LATEST TRANSACTION
control field 20100327144712.0
008 - FIXED-LENGTH DATA ELEMENTS--GENERAL INFORMATION
fixed length control field s1959 j 000 0 eng u
040 ## - CATALOGING SOURCE
Transcribing agency
100 1# - MAIN ENTRY--PERSONAL NAME
Personal name Branham, William Marrion
245 14 - TITLE STATEMENT
Title The spoken word.
260 ## - PUBLICATION, DISTRIBUTION, ETC. (IMPRINT)
Place of publication, distribution, etc Tucson, Arizona
Name of publisher, distributor, etc Spoken Word Publications
Date of publication, distribution, etc 1959
300 ## - PHYSICAL DESCRIPTION
Extent 36 p.
942 ## - ADDED ENTRY ELEMENTS (KOHA)
Source of classification or shelving scheme
Koha item type Books
Copies
Source of classification or shelving scheme Not for loan Copy number Full call number Withdrawn status Price effective from Damaged status Collection code Koha item type Permanent Location Lost status Shelving location Barcode Date last seen Date acquired
  1BX 8764 .Z6 B7 2010-04-14 ReferenceBooksRHEMA Bible Training College General Stacks190382010-04-142010-04-14